000
00247nam a2200109Ia 4500
005
20251222114406.0
008
251222s1900||||xx |||||||||||||| ||spa||
082
_a
DVD0099/O64/2006.
245
0
_a
Nazca y Chachapoyas
264
_b
PerĂº
942
_c
DVD
999
_c
1838
_d
1838